000 03109nam0a2200433 4500
001 RU\NLR\BIBL_A\022393627
005 20260408073806.0
021 _aRU
029 1 0 _aRU
_b52686-2023
_cГОСТ Р
035 _a(NLR Aleph) 022393627
090 _a13332592
_c13332592
100 _a20241127d2024 |||y0rusy50 ca
101 0 _arus
102 _aRU
105 _ay l 000|y
181 0 _ai
_baxxe
182 0 _an
200 1 _aСыры
_iОбщие технические условия
_dCheeses. General specifications
_zeng
_eГОСТ Р 52686-2023
_fРазработан Всероссийским научно-исследовательским институтом маслоделия и сыроделия - филиалом Федерального государственного бюджетного учреждения "Федеральный научный центр пищевых систем им.В.М.Горбатова" РАН (ВНИИМС - филиал ФГБНУ "ФНЦ пищевых систем им.В.М.Горбатова" РАН)
203 _aТекст
_bвизуальный
_cнепосредственный
205 _aИзд. офиц.
210 _aМосква
_cРоссийский институт стандартизации
_d2024
215 _aII, 21 с.
_d29
225 1 _aНациональный стандарт Российской Федерации
_fФедеральное агентство по техническому регулированию и метрологии
239 _aВвед. 01.01.2025 с правом досрочного применения
_aвзамен ГОСТ Р 52686-2006
320 _aБиблиогр.: с. 20 (9 назв.)
432 0 _1001RU\NLR\bibl\1162698$a2001^$aСыры. общие технические условия
_91468188
_cМосква
_d2007
_eИзд. офиц.
_fРазработан Государственным научным учреждением "Всероссийский научно-исследовательский институт маслоделия и сыроделия" Россельхозакадемии (ГНУ "ВНИИМС" Россельхозакадемии)
_lCheeses. General specifications
_nСтандартинформ
_oобщие технические условия : ГОСТ Р 52686-2006
_pIV, 14 с.
_tСыры
510 1 _aCheeses
_zeng
510 1 _aGeneral specifications
_zeng
517 1 _aГОСТ Р 52686-2023
606 1 _aСыр
_jТехнические условия
_91179698
_3RU\NLR\AUTH\66156888
686 _v2000
_2oks
686 1 _aЛ958я863
712 0 1 _4725
_aРоссийская Федерация
_bФедеральное агентство по техническому регулированию и метрологии
_3RU\NLR\AUTH\8810064304
_9630205
712 0 2 _4900
_aВсероссийский НИИ маслоделия и сыроделия
_cУглич
_9541064
_3RU\NLR\AUTH\880438369
942 _cBOOK
980 _aNB